Sports Trophies/Awards Quiz Stats

 Plays Quiz Updated Jun 9, 2017

Score 0/48 Timer 10:00
0 Plays Today
League Award % Correct
MLBCy Young Award
66.9%
NHLStanley Cup
63.2%
NFLVince Lombardi Trophy
61.5%
MLBRawlings Gold Glove Award
57.8%
Coll. FBHeisman Trophy
51%
MLBSilver Slugger Award
48%
SoccerWorld Cup
37.3%
PGAGreen Jacket
35.7%
NHLPresidents' Trophy
35.4%
NHLHart Memorial Trophy
34.5%
GolfPresident's Cup
33.6%
NHLVezina Trophy
32%
GolfRyder Cup
31.7%
CyclingYellow Jersey
27.5%
NHLCalder Memorial Trophy
26.5%
NHLConn Smythe Trophy
26%
NHLJames Norris Memorial Trophy
24.4%
NHLLady Byng Memorial Trophy
22.8%
CFLGrey Cup
22.6%
NHLPrince of Wales Trophy
19.3%
NHLMaurice 'Rocket' Richard Trophy
18.9%
NHLClarence S. Campbell Bowl
17.5%
NHLFrank J. Selke Trophy
17.1%
TennisDavis Cup
17%
League Award % Correct
NHLArt Ross Trophy
16%
NHLJack Adams Award
15.7%
NBALarry O'Brien Championship Trophy
15.6%
NASCARSprint Cup
15.6%
PGAClaret Jug
15.6%
NFLLamar Hunt Trophy
12.5%
NFLGeorge S. Halas Trophy
11.3%
MLBHank Aaron Award
10.6%
NBARed Auerbach Trophy
9.2%
TennisFed Cup
8.7%
MLBCommissioner's Trophy
8.3%
PGAWanamaker Trophy
5.6%
PGAJack Nicklaus Trophy
4.1%
RugbyCalcutta Cup
3.4%
PGAVardon Trophy
3%
NBAMaurice Podoloff Trophy
2.9%
RacingBorg-Warner Trophy
2.8%
RugbyWilliam Webb Ellis Cup
2.1%
MLBWarren Giles Trophy
2%
NBAJoe Dumars Trophy
1.8%
TennisVenus Rosewater Dish
1.3%
MLBWilliam Harridge Trophy
1%
NBAEddie Gottlieb Trophy
1%
LPGAVare Trophy
0.5%

You're not logged in!

Compare scores with friends on all Sporcle quizzes.
OR
Log In

Sporcle TV

Today on Sporcle TV


Watch our educational content, quiz creation guides, and fun videos on Sporcle TV.

Show Comments

Extras

Top Quizzes Today


Score Distribution

Your Account Isn't Verified!

In order to create a playlist on Sporcle, you need to verify the email address you used during registration. Go to your Sporcle Settings to finish the process.

Report this User

Report this user for behavior that violates our Community Guidelines.

Details: